| 000 | 01798nam a2200313 i 4500 | ||
|---|---|---|---|
| 003 | OSt | ||
| 005 | 20260514125535.0 | ||
| 008 | 260514t20242024my ao gr 000 0beng d | ||
| 020 |
_a9781399082099 _cRM139.90 _qhardback |
||
| 040 |
_aPPAK _beng _cPPAK _erda |
||
| 082 | 0 | 4 |
_223 _a940.541352 |
| 090 | 0 | 0 |
_a940.541352 _bHEA _dG |
| 100 | 1 |
_aHeath, Tim, _d1965- _eauthor. |
|
| 245 | 1 | 4 |
_aThe Nazi and Japanese Human Experimentation Programmes : _bBiological War Crimes during WW2 / _cTim Heath |
| 264 | 1 |
_aGreat Britain : _bPEN & SWORD BOOKS HISTORY, _c2024 |
|
| 264 | 4 | _c©2024 | |
| 300 |
_avii, 166 pages, 2 unpaged : _billustrations, photographs ; _c24 cm |
||
| 336 |
_atext _2rdacontent |
||
| 337 |
_aunmediated _2rdamedia |
||
| 338 |
_avolume _2rdacarrier |
||
| 504 | _aBibliography : page [168]. | ||
| 520 | _aAmong the most appalling cruelties perpetrated throughout the course of the Second World War was undoubtedly that of human medical and military experimentation conducted upon both living and deceased human beings. The various Nazi human experimentation programmes were initially carried out not so much in the pursuit of any particular scientific discipline, but largely as a result of the Third Reich’s obsession with race and eugenics. However, this criminal sub-discipline of the Nazi fascination, with its warped racial ideologies, was excused as little other than collateral damage by many of the Nazi physicians and their assistants. | ||
| 650 | 1 | 0 |
_aWar crimes _zJapan _xHistory |
| 650 | 2 | 0 |
_aWar crimes _zGermany _xHistory |
| 650 | 2 | 0 |
_aWorld War, _y1939-1945 _xBiological warfare _zJapan |
| 650 | 2 | 0 |
_aWorld War, _y1939-1945 _xBiological warfare _zGermany |
| 650 | 2 | 0 |
_aHuman experimentation in medicine _y20th century |
| 942 |
_2ddc _cB |
||
| 999 |
_c204278 _d204278 |
||